000 02356nam a22004211i 4500
001 ebr10777977
003 CaPaEBR
006 m o d
007 cr cn|||||||||
008 130703t20132013sz a ob 101 0 eng d
020 _z3037856033 (paperback)
020 _a9783038139843 (e-book)
020 _z9783037856031
040 _aCaPaEBR
_beng
_erda
_epn
_cCaPaEBR
035 _a(OCoLC)868961410
050 1 4 _aTJ210.3
_b.I58 2013eb
111 2 _aInternational Conference Industrial Service and Humanoid Robotics
_n(11th :
_d2012 :
_cStrbske Pleso, High Tatras, Slovakia)
245 1 0 _aRobotics in theory and practice :
_bselected, peer reviewed papers from the 11th International Conference Industrial Service and Humanoid Robotics, ROBTEP 2012, November 14th - 16th 2012, Strbske Pleso, High Tatras, Slovakia /
_cedited by Lucia Pachnikova and Mikulas Hajduk.
264 1 _aDurnten-Zurich :
_bTrans Tech Publications,
_c[2013]
264 4 _c�2013
300 _a1 online resource (299 pages) :
_billustrations (black and white).
336 _atext
_2rdacontent
337 _acomputer
_2rdamedia
338 _aonline resource
_2rdacarrier
490 1 _aApplied mechanics and materials,
_x1660-9336 ;
_vv. 282
504 _aIncludes bibliographical references and indexes.
588 _aDescription based on print version record.
590 _aElectronic reproduction. Palo Alto, Calif. : ebrary, 2013. Available via World Wide Web. Access may be limited to ebrary affiliated libraries.
650 0 _aRobotics
_vCongresses.
650 0 _aAutomation
_vCongresses.
655 0 _aElectronic books.
700 1 _aHajduk, Mikulas.
700 1 _aPachnikova, Lucia.
776 0 8 _iPrint version:
_tRobotics in theory and practice : selected, peer reviewed papers from the 11th international conference industrial service and humanoid robotics, ROBTEP 2012, November 14th - 16th 2012, Strbske Pleso, High Tatras, Slovakia.
_dDurnten-Zurich : Trans Tech Publications, [2013]
_hix, 290 pages : illustrations (black and white) ; 24 cm.
_kApplied mechanics and materials ; v. 282.
_z9783037856031
_w(DLC) 2012554832
797 2 _aebrary.
830 0 _aApplied mechanics and materials ;
_vv. 282.
_x1660-9336
856 4 0 _uhttp://site.ebrary.com/lib/rucke/Doc?id=10777977
_zAn electronic book accessible through the World Wide Web; click to view
999 _c131458
_d131458